Príspevok k vyšetrovaniu MnBi vrstiev z hľadiska ich aplikácií : Kand.diz.práca : V.odb. 26-06-9 : Obh. 17.09.1981 /

Gespeichert in:
Bibliographische Detailangaben
1. Verfasser: Bydžovský, Ján, 1944- (Verfasst von)
Weitere Verfasser: Benda, Oldrich (Betreuung Doktorarbeit)
Format: Manuskript Buch
Veröffentlicht: Bratislava : SVŠT v Bratislave EF, 1980
Schlagworte:
Tags: Tag hinzufügen
Keine Tags, Fügen Sie das erste Tag hinzu!

MARC

LEADER 00000ntm a22000003a 4500
001 stu5376
005 20150617225811.6
008 ------s1980----------------------------d
040 |a STU  |b slo 
041 0
100 1 |a Bydžovský, Ján,  |d 1944-  |4 aut  |u E040  |U FEI Fakulta elektrotechniky a informatiky  |T FEI Ústav elektrotechniky  |X 2094  |U E040  |Y 550  |7 A000002094 
245 1 |a Príspevok k vyšetrovaniu MnBi vrstiev z hľadiska ich aplikácií :  |b Kand.diz.práca : V.odb. 26-06-9 : Obh. 17.09.1981 /  |c [aut.] Bydžovský,Ján, Ing.; Škol. Benda,Oldrich 
260 |a Bratislava :  |b SVŠT v Bratislave EF,  |c 1980 
300 |a 111 s :  |b príl 
650 7 |a Teoretická elektrotechnika  |2 stusub 
700 1 |a Benda, Oldrich  |4 ths 
996 |b 284ED00211  |c E*KDIZ-313  |l EE01  |s A  |a 24  |w stu5376_0001